Biotechnology: Concepts, Methodologies, Tools, and Applications/ edited by Mehdi Khosrow-Pour (Record no. 52215)

MARC details
000 -LEADER
fixed length control field 00539nam a22001577a 4500
003 - CONTROL NUMBER IDENTIFIER
control field OSt
008 - FIXED-LENGTH DATA ELEMENTS--GENERAL INFORMATION
fixed length control field 260623b |||||||| |||| 00| 0 eng d
020 ## - INTERNATIONAL STANDARD BOOK NUMBER
International Standard Book Number 9781522589037
082 ## - DEWEY DECIMAL CLASSIFICATION NUMBER
Classification number 660.6
Item number K45B
245 ## - TITLE STATEMENT
Title Biotechnology: Concepts, Methodologies, Tools, and Applications/ edited by Mehdi Khosrow-Pour
260 ## - PUBLICATION, DISTRIBUTION, ETC. (IMPRINT)
Place of publication, distribution, etc Hershey:
Name of publisher, distributor, etc IGI Global,
Date of publication, distribution, etc 2019.
300 ## - PHYSICAL DESCRIPTION
Extent xxii, 541 p.
650 ## - SUBJECT ADDED ENTRY--TOPICAL TERM
Topical term or geographic name as entry element Technology (Applied Sciences) | Chemical Engineering and Related Technologies | Biotechnology
700 ## - ADDED ENTRY--PERSONAL NAME
Personal name Khosrow-Pour, Mehdi
942 ## - ADDED ENTRY ELEMENTS (KOHA)
Source of classification or shelving scheme
Koha item type Books
Holdings
Withdrawn status Lost status Source of classification or shelving scheme Damaged status Not for loan Home library Current library Shelving location Date acquired Source of acquisition Total Checkouts Full call number Barcode Date last seen Bill Date Koha item type Bill Number
          Dr. Rajendra Prasad Central Agricultural University Pusa, Dr. Rajendra Prasad Central Agricultural University Pusa, General Stacks 23/06/2026 IBPSS,   660.6 K45B 87511 23/06/2026 28/01/2026 Books Invoice No. IBPS/021/2025-26,
          Dr. Rajendra Prasad Central Agricultural University Pusa, Dr. Rajendra Prasad Central Agricultural University Pusa, General Stacks 23/06/2026 IBPSS,   660.6 K45B 87512 23/06/2026 28/01/2026 Books Invoice No. IBPS/021/2025-26,
          Dr. Rajendra Prasad Central Agricultural University Pusa, Dr. Rajendra Prasad Central Agricultural University Pusa, General Stacks 23/06/2026 IBPSS,   660.6 K45B 87513 23/06/2026 28/01/2026 Books Invoice No. IBPS/021/2025-26,
          Dr. Rajendra Prasad Central Agricultural University Pusa, Dr. Rajendra Prasad Central Agricultural University Pusa, General Stacks 23/06/2026 IBPSS,   660.6 K45B 87514 23/06/2026 28/01/2026 Books Invoice No. IBPS/021/2025-26,
Hosted, Implemented, Customized & Maintained by: BestBookBuddies

Powered by Koha